<?xml version="1.0" encoding="UTF-8"?><?xml-stylesheet type="text/xsl" href="static/style.xsl"?><OAI-PMH xmlns="http://www.openarchives.org/OAI/2.0/" xmlns:xsi="http://www.w3.org/2001/XMLSchema-instance" xsi:schemaLocation="http://www.openarchives.org/OAI/2.0/ http://www.openarchives.org/OAI/2.0/OAI-PMH.xsd"><responseDate>2026-05-14T17:16:23Z</responseDate><request verb="GetRecord" identifier="oai:repisalud.isciii.es:20.500.12105/11457" metadataPrefix="marc">https://repisalud.isciii.es/rest/oai/request</request><GetRecord><record><header><identifier>oai:repisalud.isciii.es:20.500.12105/11457</identifier><datestamp>2025-06-18T13:14:07Z</datestamp><setSpec>com_20.500.12105_5696</setSpec><setSpec>com_20.500.12105_5570</setSpec><setSpec>com_20.500.12105_2404</setSpec><setSpec>com_20.500.12105_2403</setSpec><setSpec>col_20.500.12105_5705</setSpec></header><metadata><record xmlns="http://www.loc.gov/MARC21/slim" xmlns:dcterms="http://purl.org/dc/terms/" xmlns:doc="http://www.lyncode.com/xoai" xmlns:xsi="http://www.w3.org/2001/XMLSchema-instance" xsi:schemaLocation="http://www.loc.gov/MARC21/slim http://www.loc.gov/standards/marcxml/schema/MARC21slim.xsd">
   <leader>00925njm 22002777a 4500</leader>
   <datafield ind2=" " ind1=" " tag="042">
      <subfield code="a">dc</subfield>
   </datafield>
   <datafield ind2=" " ind1=" " tag="720">
      <subfield code="a">García Gómez, Montserrat</subfield>
      <subfield code="e">author</subfield>
   </datafield>
   <datafield ind2=" " ind1=" " tag="720">
      <subfield code="a">Castañeda López, Rosario</subfield>
      <subfield code="e">author</subfield>
   </datafield>
   <datafield ind2=" " ind1=" " tag="260">
      <subfield code="c">2005-12</subfield>
   </datafield>
   <datafield ind2=" " ind1=" " tag="520">
      <subfield code="a">Objetivos: describir la valoración del estado de salud general de la población trabajadora española y comprobar si existen desigualdades de género por ocupación y actividad económica. Ello permitirá evaluar la Encuesta Nacional de Salud como fuente de información complementaria para la vigilancia de la salud de los trabajadores. Métodos: estudio transversal de los datos de la Encuesta Nacional de Salud del 2001. Se estudia la población de 16 a 64 años. Se consideraron trabajadores las personas que estaban realizando trabajo remunerado en el momento de realizarse la encuesta. El análisis de la percepción de la salud con las diferentes variables fue bivariado</subfield>
   </datafield>
   <datafield ind1="8" ind2=" " tag="024">
      <subfield code="a">Med Segur Trab 2005; Vol.LI Nº 200:5-17</subfield>
   </datafield>
   <datafield ind1="8" ind2=" " tag="024">
      <subfield code="a">1989-7790</subfield>
   </datafield>
   <datafield ind1="8" ind2=" " tag="024">
      <subfield code="a">0465-546X</subfield>
   </datafield>
   <datafield ind1="8" ind2=" " tag="024">
      <subfield code="a">Medicina y Seguridad del Trabajo</subfield>
   </datafield>
   <datafield ind1="8" ind2=" " tag="024">
      <subfield code="a">http://hdl.handle.net/20.500.12105/11457</subfield>
   </datafield>
   <datafield tag="653" ind2=" " ind1=" ">
      <subfield code="a">Trabajadores</subfield>
   </datafield>
   <datafield tag="653" ind2=" " ind1=" ">
      <subfield code="a">Salud percibida</subfield>
   </datafield>
   <datafield tag="653" ind2=" " ind1=" ">
      <subfield code="a">Encuesta nacional de salud</subfield>
   </datafield>
   <datafield ind2="0" ind1="0" tag="245">
      <subfield code="a">La salud percibida por la población trabajadora</subfield>
   </datafield>
</record></metadata></record></GetRecord></OAI-PMH>